Statistics for Taylor Swift (Fearless TV) A to Z

Click here to take the quiz!

General Stats

  • This quiz has been taken 23 times
  • The average score is 18 of 25

Answer Stats

Answer% Correct
BBreathe
93%
LLove Story
93%
White Horse
93%
CChange
87%
DDon't you
87%
FFearless
87%
Fifteen
87%
HHey Stephen
87%
The way I loved you
87%
You belong with me
87%
Bye bye baby
80%
UUntouchable
80%
MMr. Perfectly fine
73%
SSuperstar
73%
TTell me why
73%
That's when
67%
You're not sorry
67%
Forever & always
60%
The other side of the door
60%
WWe were happy
60%
YYou all over me
60%
Come in with the rain
53%
The Best day
53%
Today was a fairytale
53%
JJump the fall
13%

Score Distribution

Percentile by Number Answered

Percent of People with Each Score

Your Score History

You have not taken this quiz